Sports Quiz

Random Sports or NHL Quiz

NHL : Top Goalie Wins Per Letter (2010s) Quiz Stats

 Plays Quiz not verified by Sporcle

Challenge
Share
Tweet
Embed
Score 0/194 Timer 20:00
0 Plays Today
Year Player % Correct
2010-2011Marc-Andre Fleury
99.2%
2010-2011Carey Price
99.2%
2011-2012Marc-Andre Fleury
99.2%
2011-2012Henrik Lundqvist
99.2%
2012-2013Marc-Andre Fleury
99.2%
2012-2013Henrik Lundqvist
99.2%
2012-2013Carey Price
99.2%
2013-2014Marc-Andre Fleury
99.2%
2013-2014Carey Price
99.2%
2014-2015Marc-Andre Fleury
99.2%
2014-2015Carey Price
99.2%
2015-2016Marc-Andre Fleury
99.2%
2015-2016Henrik Lundqvist
99.2%
2016-2017Marc-Andre Fleury
99.2%
2016-2017Henrik Lundqvist
99.2%
2016-2017Carey Price
99.2%
2017-2018Marc-Andre Fleury
99.2%
2017-2018Henrik Lundqvist
99.2%
2017-2018Carey Price
99.2%
2010-2011Jonathan Quick
98.8%
2011-2012Jonathan Quick
98.8%
2012-2013Braden Holtby
98.8%
2012-2013Jonathan Quick
98.8%
2013-2014Jonathan Quick
98.8%
2014-2015Braden Holtby
98.8%
2014-2015Jonathan Quick
98.8%
2015-2016Braden Holtby
98.8%
2015-2016Jonathan Quick
98.8%
2016-2017Braden Holtby
98.8%
2016-2017Jonathan Quick
98.8%
2017-2018Jonathan Quick
98.8%
2010-2011Corey Crawford
98.4%
2011-2012Corey Crawford
98.4%
2012-2013Corey Crawford
98.4%
2013-2014Corey Crawford
98.4%
2013-2014Tuukka Rask
98.4%
2014-2015Corey Crawford
98.4%
2015-2016Corey Crawford
98.4%
2016-2017Sergei Bobrovsky
98.4%
2016-2017Corey Crawford
98.4%
2016-2017Tuukka Rask
98.4%
2017-2018Sergei Bobrovsky
98.4%
2017-2018Corey Crawford
98.4%
2010-2011Craig Anderson
98%
2010-2011Devan Dubnyk
98%
2010-2011Cam Ward
98%
2011-2012Craig Anderson
98%
2011-2012Devan Dubnyk
98%
2011-2012Cam Ward
98%
2012-2013Craig Anderson
98%
2012-2013Devan Dubnyk
98%
2012-2013Cam Ward
98%
2013-2014Craig Anderson
98%
2013-2014Devan Dubnyk
98%
2013-2014Cam Ward
98%
2014-2015Devan Dubnyk
98%
2014-2015Cam Ward
98%
2015-2016Craig Anderson
98%
2015-2016Devan Dubnyk
98%
2015-2016Cam Ward
98%
2016-2017Devan Dubnyk
98%
2016-2017Cam Ward
98%
2017-2018Devan Dubnyk
98%
2017-2018Cam Ward
98%
2010-2011Ryan Miller
97.6%
Year Player % Correct
2010-2011Pekka Rinne
97.6%
2010-2011Tim Thomas
97.6%
2011-2012Ryan Miller
97.6%
2011-2012Pekka Rinne
97.6%
2011-2012Tim Thomas
97.6%
2011-2012Semyon Varlamov
97.6%
2012-2013Ryan Miller
97.6%
2013-2014Ben Bishop
97.6%
2013-2014Tim Thomas
97.6%
2013-2014Semyon Varlamov
97.6%
2014-2015Ben Bishop
97.6%
2014-2015Ryan Miller
97.6%
2014-2015Pekka Rinne
97.6%
2014-2015Semyon Varlamov
97.6%
2015-2016Ben Bishop
97.6%
2015-2016Martin Jones
97.6%
2015-2016Pekka Rinne
97.6%
2015-2016Semyon Varlamov
97.6%
2016-2017Martin Jones
97.6%
2017-2018Martin Jones
97.6%
2017-2018Pekka Rinne
97.6%
2018-2019Sergei Bobrovsky
97.4%
2018-2019Devan Dubnyk
97.4%
2018-2019Marc-Andre Fleury
97.4%
2018-2019Anders Nilsson
97.4%
2018-2019Carey Price
97.4%
2018-2019Jonathan Quick
97.4%
2014-2015Frederik Andersen
97.2%
2016-2017Frederik Andersen
97.2%
2016-2017Matt Murray
97.2%
2017-2018Frederik Andersen
97.2%
2017-2018Matt Murray
97.2%
2010-2011Antti Niemi
96.8%
2010-2011Cory Schneider
96.8%
2011-2012Antti Niemi
96.8%
2012-2013Antti Niemi
96.8%
2012-2013Cory Schneider
96.8%
2013-2014Antti Niemi
96.8%
2014-2015Antti Niemi
96.8%
2014-2015Cory Schneider
96.8%
2015-2016Antti Niemi
96.8%
2015-2016Cory Schneider
96.8%
2016-2017Antti Niemi
96.8%
2016-2017Cory Schneider
96.8%
2010-2011Jimmy Howard
96.4%
2010-2011Roberto Luongo
96.4%
2011-2012Jimmy Howard
96.4%
2011-2012Mike Smith
96.4%
2013-2014Mike Smith
96.4%
2017-2018Mike Smith
96.4%
2013-2014Kari Lehtonen
96%
2014-2015Kari Lehtonen
96%
2014-2015Cam Talbot
95.2%
2015-2016Cam Talbot
95.2%
2016-2017Cam Talbot
95.2%
2017-2018Cam Talbot
95.2%
2010-2011Miikka Kiprusoff
94.8%
2011-2012Brian Elliott
94.8%
2011-2012Miikka Kiprusoff
94.8%
2013-2014Brian Elliott
94.8%
2014-2015Brian Elliott
94.8%
2015-2016Brian Elliott
94.8%
2016-2017Brian Elliott
94.8%
2016-2017Andrei Vasilevskiy
94.8%
2017-2018Brian Elliott
94.8%
Year Player % Correct
2017-2018Andrei Vasilevskiy
94.8%
2018-2019Frederik Andersen
94.7%
2018-2019Brian Elliott
94.7%
2018-2019John Gibson
94.7%
2018-2019Martin Jones
94.7%
2018-2019Robin Lehner
94.7%
2018-2019Mike Smith
94.7%
2018-2019Cam Ward
94.7%
2014-2015John Gibson
94%
2017-2018John Gibson
94%
2017-2018Connor Hellebuyck
92.9%
2018-2019Cam Talbot
92.1%
2018-2019Andrei Vasilevskiy
92.1%
2011-2012Ondrej Pavelec
90.5%
2015-2016Ondrej Pavelec
90.5%
2016-2017Keith Kinkaid
90.5%
2017-2018Keith Kinkaid
90.5%
2010-2011Ilya Bryzgalov
90.1%
2011-2012Ilya Bryzgalov
90.1%
2015-2016Thomas Greiss
90.1%
2016-2017Thomas Greiss
90.1%
2015-2016Petr Mrazek
89.7%
2013-2014Jonas Hiller
88.9%
2012-2013Niklas Backstrom
87.3%
2012-2013James Reimer
86.9%
2018-2019Connor Hellebuyck
86.8%
2018-2019Jakob Markstrom
84.2%
2018-2019Pekka Rinne
84.2%
2018-2019Linus Ullmark
84.2%
2010-2011Tomas Vokoun
84.1%
2012-2013Tomas Vokoun
84.1%
2013-2014Steve Mason
82.9%
2013-2014Jeff Zatkoff
82.9%
2015-2016Jeff Zatkoff
82.9%
2016-2017Jeff Zatkoff
82.9%
2017-2018Michal Neuvirth
80.2%
2010-2011Brent Johnson
79.8%
2011-2012Brent Johnson
79.8%
2012-2013Chad Johnson
79.8%
2013-2014Chad Johnson
79.8%
2014-2015Chad Johnson
79.8%
2012-2013Anton Khudobin
77%
2013-2014Anton Khudobin
77%
2018-2019Darcy Kuemper
76.3%
2015-2016Linus Ullmark
75.8%
2016-2017Linus Ullmark
75.8%
2017-2018Linus Ullmark
75.8%
2010-2011Chris Osgood
75.4%
2015-2016Joonas Korpisalo
71.4%
2014-2015Darcy Kuemper
69%
2010-2011Jean-Sebastien Giguere
67.1%
2012-2013Jean-Sebastien Giguere
67.1%
2018-2019Pheonix Copley
65.8%
2012-2013Ray Emery
65.5%
2011-2012Mathieu Garon
56.7%
2013-2014Jonas Gustavsson
55.6%
2014-2015Joni Ortio
54%
2015-2016Joni Ortio
54%
2011-2012Leland Irving
42.9%
2012-2013Leland Irving
42.9%
2010-2011Dan Ellis
42.1%
2012-2013Jose Theodore
38.1%
2014-2015Rob Zepp
29.8%
2011-2012Allen York
22.6%

You're not logged in!

Compare scores with friends on all Sporcle quizzes.
OR
Log In

You Might Also Like...

Show Comments

Extras

Created Jun 17, 2018ReportNominate
Tags:NHL Quiz, NHL player, NHL Points

Top Quizzes Today


Score Distribution

Your Account Isn't Verified!

In order to create a playlist on Sporcle, you need to verify the email address you used during registration. Go to your Sporcle Settings to finish the process.

Report this User

Report this user for behavior that violates our Community Guidelines.

Details: